Mechatronics : (Record no. 8009)
[ view plain ]
| 000 -LEADER | |
|---|---|
| fixed length control field | 02174nac a22003611u 4500 |
| 010 ## - LIBRARY OF CONGRESS CONTROL NUMBER | |
| LC control number | 2007451206 |
| 020 ## - INTERNATIONAL STANDARD BOOK NUMBER | |
| International Standard Book Number | 1402046952 (hd.bd.) |
| 020 ## - INTERNATIONAL STANDARD BOOK NUMBER | |
| International Standard Book Number | 9781402046957 (hd.bd.) |
| 020 ## - INTERNATIONAL STANDARD BOOK NUMBER | |
| International Standard Book Number | 1402046960 (e-book) |
| 020 ## - INTERNATIONAL STANDARD BOOK NUMBER | |
| International Standard Book Number | 9781402046964 (e-book) |
| 024 3# - | |
| -- | 9781402046957 |
| 024 3# - | |
| -- | 9781402046964 |
| 035 ## - SYSTEM CONTROL NUMBER | |
| System control number | (CStRLIN)CUBGGLAD17314072-B |
| 082 04 - DEWEY DECIMAL CLASSIFICATION NUMBER | |
| Classification number | 621.3 |
| Item number | PRE |
| 090 ## - LOCALLY ASSIGNED LC-TYPE CALL NUMBER (OCLC); LOCAL CALL NUMBER (OCLC) | |
| -- | 8009 |
| -- | 8009 |
| 100 ## - MAIN ENTRY--PERSONAL NAME | |
| Personal name | Preumont, AndreÌ?. |
| 245 10 - TITLE STATEMENT | |
| Title | Mechatronics : |
| Remainder of title | dynamics of electromechanical and piezoelectric systems / |
| Statement of responsibility, etc | by A. Preumont. |
| 260 ## - PUBLICATION, DISTRIBUTION, ETC. (IMPRINT) | |
| Place of publication, distribution, etc | Dordrecht : |
| Name of publisher, distributor, etc | Springer,c2006. |
| Date of publication, distribution, etc | c2006. |
| 300 ## - PHYSICAL DESCRIPTION | |
| Extent | xv, 207 p. : |
| Other physical details | ill. ; |
| Dimensions | 25 cm. |
| 490 1# - Series Statement | |
| Series statement | Solid mechanics and its applications ; |
| Volume/sequential designation | v. 136 |
| 500 ## - GENERAL NOTE | |
| General note | Distributer: Al-Ahram. |
| 504 ## - BIBLIOGRAPHY, ETC. NOTE | |
| Bibliography, etc | Includes bibliographical references and index. |
| 505 0# - FORMATTED CONTENTS NOTE | |
| Formatted contents note | Lagrangian dynamics of mechanical systems -- Dynamics of electrical networks -- Electromechanical systems -- Piezoelectric systems -- Piezoelectric laminates -- Active and passive damping with piezoelectric transducers. |
| 511 ## - PARTICIPANT OR PERFORMER NOTE | |
| Participant or performer note | Catalogued By: Mahitab. |
| 520 ## - SUMMARY, ETC. | |
| Summary, etc | This volume treats Lagrange's equations for electromechanical systems, including piezoelectric tranducers and selected applications. It is essentially an extension to piezoelectric systems of the work by Crandall et al.: Dynamcs of Mechanical and Electromechanical Sysyems, McGraw-Hill, published in 1968. The first three chapters contain classical meterial based on this and other well-known standard texts in the field, such as Methods of Analltical Dynamics by L. Meirovitch, McGraw-Hill, 1970. Some applications are new (e.g. geophone). Chapters 4 to 6 consist of new material which has not been published in a mongraph before. They deal with piezoelectric systems in a unified way, starting from a lagrangian approach. |
| 650 #0 - SUBJECT ADDED ENTRY--TOPICAL TERM | |
| Topical term or geographic name as entry element | Mechatronics. |
| 650 #0 - SUBJECT ADDED ENTRY--TOPICAL TERM | |
| Topical term or geographic name as entry element | Dynamics. |
| 650 #0 - SUBJECT ADDED ENTRY--TOPICAL TERM | |
| Topical term or geographic name as entry element | Piezoelectric transducers. |
| 650 #0 - SUBJECT ADDED ENTRY--TOPICAL TERM | |
| Topical term or geographic name as entry element | Electromechanical devices. |
| 830 #0 - SERIES ADDED ENTRY--UNIFORM TITLE | |
| Uniform title | Solid mechanics and its applications ; |
| 856 41 - ELECTRONIC LOCATION AND ACCESS | |
| Materials specified | Table of contents only |
| Uniform Resource Identifier | <a href="http://www.loc.gov/catdir/toc/fy0715/2007451206.html">http://www.loc.gov/catdir/toc/fy0715/2007451206.html</a> |
| 942 ## - ADDED ENTRY ELEMENTS (KOHA) | |
| Item type | Book - Borrowing |
| Call number prefix | 621.3PRE |
| Withdrawn status | Item status | Damaged status | Not for loan | Home library | Current library | Shelving location | Date acquired | Source of acquisition | Total Checkouts | Full call number | Barcode | Date last seen | Date last borrowed | Koha item type |
|---|---|---|---|---|---|---|---|---|---|---|---|---|---|---|
| Central Library | Central Library | First floor | 18/02/2008 | Purchase | 1 | 621.3PRE | 000009420 | 15/07/2025 | 04/12/2014 | Book - Borrowing |